Top 25 - Statistiken

Allgemein
  • Dieses Quiz wurde 352 mal gespielt
  • Das Durchschnittsergebnis liegt bei 18 aus 25
Antwortstatistiken
Fläche Großstadt % Korrekt
891,70 km² Berlin
100%
755,30 km² Hamburg
99%
405,16 km² Köln
99%
310,70 km² München
98%
207,35 km² Stuttgart
94%
325,42 km² Bremen
91%
280,71 km² Dortmund
90%
217,41 km² Düsseldorf
90%
328,31 km² Dresden
88%
297,37 km² Leipzig
88%
204,14 km² Hannover
85%
210,30 km² Essen
81%
232,80 km² Duisburg
64%
200,99 km² Magdeburg
63%
269,14 km² Erfurt
62%
187,66 km² Potsdam
61%
203,93 km² Wiesbaden
57%
258,82 km² Bielefeld
53%
302,96 km² Münster
50%
220,84 km² Chemnitz
49%
248,31 km² Frankfurt am Main
48%
192,16 km² Braunschweig
47%
204,05 km² Wolfsburg
45%
214,21 km² Lübeck
40%
226,43 km² Hamm
26%
Keine übereinstimmenden Quizze gefunden
Verteilung der Resultate
Anzahl Personen mit jedem Resultat
Perzentil nach korrekt beantworteten Fragen
Ihre Resultats-Entwicklung
Sie haben dieses Quiz noch nicht gespielt